| 000 | 00556nam a2200157 a 4500 | ||
|---|---|---|---|
| 005 | 20140310183637.0 | ||
| 008 | 120704s19uu xx 00 eng d | ||
| 050 |
_aLB 1050 _b.St898f 2006 |
||
| 245 |
_aStrategic steps to reading success : _bdesigned according in accordance with the principles of understanding by design : level F / |
||
| 260 |
_aNorth Billerica : _bCurriculum Associates, Inc, _c2006. |
||
| 300 | _c27 cm. | ||
| 650 | _aEducation-teaching strategies | ||
| 650 | _aEducation- curriculum development | ||
| 942 |
_cBK _2lcc |
||
| 999 |
_c25731 _d25731 |
||